|
|
|
|
| LEADER |
00000naa2a2200000 4500 |
| 001 |
615315 |
| 005 |
20240205093319.0 |
| 035 |
|
|
|a (RuTPU)RU\TPU\conf\13514
|
| 035 |
|
|
|a RU\TPU\conf\13512
|
| 090 |
|
|
|a 615315
|
| 100 |
|
|
|a 20151103d2015 k y0rusy50 ba
|
| 101 |
0 |
|
|a eng
|
| 102 |
|
|
|a RU
|
| 105 |
|
|
|a y z 100zy
|
| 135 |
|
|
|a drgn ---uucaa
|
| 181 |
|
0 |
|a i
|
| 182 |
|
0 |
|a b
|
| 200 |
1 |
|
|a Dual-wave X-Ray absorptiometry in multiphase flow metering
|f Yu. M. Cherepennikov, R. O. Rezaev, S. G. Stuchebrov, A. R. Wagner
|
| 203 |
|
|
|a Текст
|c электронный
|
| 225 |
1 |
|
|a Poster Session
|
| 300 |
|
|
|a Title screen.
|
| 337 |
|
|
|a Adobe Reader
|
| 463 |
|
1 |
|0 (RuTPU)RU\TPU\conf\13451
|t RREPS-15. Radiation from Relativistic Electrons in Periodic Structures
|o XI International Symposium, 6-11 September 2015, Saint Petersburg, Russia
|f National Research Tomsk Polytechnic University (TPU) ; Saint Petersburg State University ; National Research Nuclear University “MEPhI”
|v [P. 43]
|d 2015
|
| 610 |
1 |
|
|a электронный ресурс
|
| 610 |
1 |
|
|a труды учёных ТПУ
|
| 610 |
1 |
|
|a волны
|
| 610 |
1 |
|
|a рентгеновская абсорбциометрия
|
| 610 |
1 |
|
|a расходомеры
|
| 610 |
1 |
|
|a X-Ray
|
| 701 |
|
1 |
|a Cherepennikov
|b Yu. M.
|c physicist
|c Associate Professor of Tomsk Polytechnic University, Candidate of Sciences
|f 1989-
|g Yuriy Mihaylovich
|3 (RuTPU)RU\TPU\pers\31561
|9 15721
|
| 701 |
|
1 |
|a Rezaev
|b R. O.
|c physicist
|c Associate Professor of Tomsk Polytechnic University, Candidate of physical and mathematical sciences
|f 1982-
|g Roman Olegovich
|3 (RuTPU)RU\TPU\pers\31777
|
| 701 |
|
1 |
|a Stuchebrov
|b S. G.
|c physicist
|c Associate Professor of Tomsk Polytechnic University, Candidate of Physical and Mathematical Sciences
|f 1981-
|g Sergey Gennadevich
|3 (RuTPU)RU\TPU\pers\31559
|9 15719
|
| 701 |
|
1 |
|a Wagner
|b A. R.
|c physicist
|c associate professor of Tomsk Polytechnic Unive
|f 1983-
|g Aleksandr Rudolfovich
|3 (RuTPU)RU\TPU\pers\31560
|
| 712 |
0 |
2 |
|a Национальный исследовательский Томский политехнический университет (ТПУ)
|b Физико-технический институт (ФТИ)
|b Кафедра высшей математики и математической физики (ВММФ)
|3 (RuTPU)RU\TPU\col\18727
|
| 712 |
0 |
2 |
|a Национальный исследовательский Томский политехнический университет (ТПУ)
|b Физико-технический институт (ФТИ)
|b Кафедра прикладной физики (№ 12) (ПФ)
|3 (RuTPU)RU\TPU\col\18729
|
| 801 |
|
1 |
|a RU
|b 63413507
|c 20101016
|
| 801 |
|
2 |
|a RU
|b 63413507
|c 20210216
|g RCR
|
| 856 |
4 |
|
|u http://earchive.tpu.ru/handle/11683/22409
|
| 856 |
4 |
|
|u http://www.lib.tpu.ru/fulltext/c/2015/C64/022.pdf
|
| 942 |
|
|
|c BK
|